[Event "BRA-ch Amateurs U1700"]
[Site "Sao Paulo"]
[Date "2024.05.31"]
[Round "3"]
[White "Lohmann, Edipo Luiz"]
[Black "Da Silva, Gabriel Oliveira"]
[Result "0-1"]
[WhiteElo "1602"]
[BlackElo "1720"]
[PlyCount "130"]
[EventDate "2024.05.30"]
[EventType "swiss"]
[EventRounds "7"]
[EventCountry "BRA"]
[SourceTitle "CB23_2024"]
[SourceDate "2024.06.05"]
[SourceVersion "1"]
[SourceVersionDate "2024.06.05"]
[SourceQuality "1"]

1. d4 Nf6 2. Nc3 g6 3. e4 d6 4. Nf3 Bg7 5. Be2 0-0 6. 0-0 Bg4 7. h3 Bxf3 8. Bxf3 e5 9. dxe5 dxe5 10. Qxd8 Rxd8 11. Bg5 Nc6 12. Nd5 Rd6 13. Nxc7 Rc8 14. Nb5 Rdd8 15. c3 a6 16. Na3 b5 17. Rfd1 h6 18. Rxd8+ Rxd8 19. Be3 Bf8 20. Nc2 Na5 21. Nb4 Bxb4 22. cxb4 Nc4 23. b3 Nxe3 24. fxe3 Rd2 25. Kf1 h5 26. Ke1 Rb2 27. Kf1 Kg7 28. Kg1 Nd7 29. Kf1 Nb8 30. Be2 Nc6 31. a4 Nxb4 32. axb5 axb5 33. Bxb5 Nc2 34. Ra7 Nxe3+ 35. Kg1 Rxg2+ 36. Kh1 Rf2 37. Bc6 Kh6 38. b4 Nc4 39. b5 Kg5 40. Bd5 Nd6 41. b6 Kh4 42. b7 Rb2 43. Ra3 Nxb7 44. Bxf7 g5 45. Be6 Nc5 46. Bf5 Re2 47. Ra5 Nd3 48. Ra3 Rd2 49. Kg1 Kg3 50. Kf1 g4 51. hxg4 hxg4 52. Rb3 Kf3 53. Kg1 g3 54. Rb1 Re2 55. Rf1+ Rf2 56. Rd1 Ke3 57. Bh3 Kxe4 58. Bg2+ Ke3 59. Ra1 Rc2 60. Bf1 e4 61. Rd1 Rc1 62. Rxc1 Nxc1 63. Kg2 Kf4 64. Bc4 e3 65. Ba6 e2 0-1

[Event "BRA-ch Amateurs U1700"]
[Site "Sao Paulo"]
[Date "2024.05.30"]
[Round "1"]
[White "Oliveira, Nicolas Cristiano G"]
[Black "Da Silva, Gabriel Oliveira"]
[Result "0-1"]
[WhiteElo "1593"]
[BlackElo "1720"]
[PlyCount "56"]
[EventDate "2024.05.30"]
[EventType "swiss"]
[EventRounds "7"]
[EventCountry "BRA"]
[SourceTitle "CB23_2024"]
[SourceDate "2024.06.05"]
[SourceVersion "1"]
[SourceVersionDate "2024.06.05"]
[SourceQuality "1"]

1. d4 Nf6 2. Nf3 g6 3. Bg5 Bg7 4. Nbd2 0-0 5. c3 d5 6. e3 Nbd7 7. Bd3 c5 8. Qe2 Qb6 9. b3 Re8 10. 0-0 cxd4 11. cxd4 e5 12. dxe5 Nxe5 13. Nxe5 Rxe5 14. Nf3 Bg4 15. h3 Bxf3 16. Qxf3 Rxg5 17. Rac1 Re8 18. Rc2 Ne4 19. Rfc1 Qe6 20. h4 Rf5 21. Qd1 Rf6 22. f3 Nd6 23. Re2 Nf5 24. e4 dxe4 25. Rxe4 Qb6+ 26. Kh2 Rd8 27. Qf1 Qd6+ 28. Kh3 Qg3# 0-1

[Event "Sao Paulo-C U1700 op 5th"]
[Site "Sao Paulo"]
[Date "2016.10.15"]
[Round "4.41"]
[White "Da Silva, Gabriel Oliveira"]
[Black "Bortolotti, Julia Gomes"]
[Result "1/2-1/2"]
[WhiteElo "1765"]
[BlackElo "1757"]
[PlyCount "63"]
[EventDate "2016.10.13"]
[EventType "swiss"]
[EventRounds "6"]
[EventCountry "BRA"]
[SourceTitle "EXT 2022"]
[Source "ChessBase"]
[SourceDate "2021.10.06"]
[SourceVersion "1"]
[SourceVersionDate "2021.10.06"]
[SourceQuality "1"]

1. d4 d5 2. c4 e6 3. Nc3 c6 4. Nf3 Nf6 5. e3 Nbd7 6. b3 Be7 7. Bd3 0-0 8. 0-0 a6 9. a4 c5 10. Bb2 b6 11. cxd5 exd5 12. Qc2 Bb7 13. Ne5 Bd6 14. Ne2 Re8 15. Nxd7 Qxd7 16. dxc5 Be5 17. Bxe5 Rxe5 18. cxb6 Rc8 19. Qb2 Rg5 20. f4 Rh5 21. Ng3 Qe7 22. Rae1 Rh6 23. Nf5 Qe6 24. Nxh6+ gxh6 25. Qb1 d4 26. Bf5 Qc6 27. e4 Re8 28. Rf2 Qxe4 29. Qxe4 Bxe4 30. Bxe4 Nxe4 31. Rxe4 Rxe4 32. Rd2 1/2-1/2